Obálka Náhled e-knihy:
PDF Epub
Pro půjčování e-knih musíte být přihlášeni.
Jak si půjčit online?

Rytíř David Tamfeld z Hranic /

V druhém pokračování historického románu z prvních let třicetileté války opět ožívají historické události a postavy Stavovského povstání. Román zachycuje nejen osudy hlavních účastníků dobového dění, ale na pozadí historických událostí vykresluje postavy obyčejných lidí s jejími všedními starostmi a...

Celý popis

Uloženo v:
Série:Rytíř David Tamfeld z Hranic, část 2
Hlavní autor: Zais, Jiří (Autor)
Médium: E-kniha
Jazyk:Czech
Vydáno: Praha : E-knihy jedou, 2019
Příbuzné jednotky:Z cyklu:: Rytíř David Tamfeld z Hranic
Tagy:
Žádné tagy
LEADER 02057nam a22002417i 4500
001 311090
007 ta
008 260601s2019 xr ||||| |||| 00| 0 cze d
020 |a 9990002016950 
044 |a xr 
100 1 |a  Zais, Jiří  |4 aut 
245 1 0 |a Rytíř David Tamfeld z Hranic /  |c  Zais, Jiří 
264 1 |a Praha :  |b E-knihy jedou,  |c 2019 
300 |a 1 online zdroj (446 stran) 
336 |a text  |b txt  |2 rdacontent 
337 |a bez média  |b n  |2 rdamedia 
338 |a online zdroj  |b cr  |2 rdacarrier 
520 2 |a V druhém pokračování historického románu z prvních let třicetileté války opět ožívají historické události a postavy Stavovského povstání. Román zachycuje nejen osudy hlavních účastníků dobového dění, ale na pozadí historických událostí vykresluje postavy obyčejných lidí s jejími všedními starostmi a radostmi. Politické události se dotkly každého z nich a ovlivnily jejich osudy. V této nelehké době pokračuje příběh Rytíře Davida Tamfelda, kterého jsme zastihli hluboko v horách. Zde potká tajemnou Kateřinu, která vyléčí jeho válečná zranění i bolavou duši. Dřív než ho dostihnou válečné události, sladké nevědomí Davidovi umožní ji poznat a na chvíli se vrátit k podstatě lidského bytí na tomto světě. Nechme se vtáhnout do druhého pokračování historického románu Rytíře Tamfelda, popisující pobělohorské období plné neočekávaných zvratů a napětí, až do dobových událostí na Moravě v roce 1626. 
787 0 8 |g 2  |i Z cyklu:  |t Rytíř David Tamfeld z Hranic 
910 |a RBIT002 
998 |d 201695  |a https://core.palmknihy.cz/api/books/201695/cover?pyg2eg  |b https://core.palmknihy.cz/api/books/201695/cover/400?pyg2eg  |c https://core.palmknihy.cz/api/books/201695/cover/50?pyg2eg  |e   |g 446  |i 9990002016950  |j https://core.palmknihy.cz/api/books/201695/preview.epub  |k https://core.palmknihy.cz/api/books/201695/preview.pdf  |l   |q 49  |r 1  |s https://www.palmknihy.cz/kniha/201695  |t ebook  |y 2019  |z 1  |v Rytíř David Tamfeld z Hranic  |w 2 
999 |d 311088